Radnica Čunovo

Guardado en:
Detalles Bibliográficos
Autor principal: Špitková, Diana (Autor)
Otros Autores: Závodný, Ľubomír (Orientador)
Formato: Manuscrito Libro
Lenguaje:eslovaco
Publicado: Bratislava 2021
Materias:
Acceso en línea:http://is.stuba.sk/zp/portal_zp.pl?podrobnosti=145833
Etiquetas: Agregar Etiqueta
Sin Etiquetas, Sea el primero en etiquetar este registro!

MARC

LEADER 00000ntm a22000003a 4500
001 stuzp86032
003 SK-STU
005 20211108103022.6
007 ta
008 150427s2015----xo-----f-mn---000-0-slo-d
040 |a STU  |b slo 
041 0 |a slo 
100 1 |a Špitková, Diana  |u 051110  |4 aut  |U FAD Fakulta architektúry a dizajnu  |T FAD Ústav architektúry obytných budov  |X 93635  |U A1110  |Y 392  |7 93635 
242 0 1 |a Town Hall, Čunovo  |y eng 
245 1 0 |a Radnica Čunovo 
260 |c 2021  |a Bratislava 
650 4 |a radnica  |2 slo 
650 4 |a Čunovo  |2 slo 
650 4 |a sobášna sieň  |2 slo 
650 4 |a Čunovo  |2 eng 
650 4 |a administrative building  |2 eng 
650 4 |a town hall  |2 eng 
700 1 |a Závodný, Ľubomír  |u 051110  |k Z1  |4 ths  |U FAD Fakulta architektúry a dizajnu  |T FAD Ústav architektúry obytných budov  |X 45410  |U A1110  |Y 392  |7 45410 
856 4 |u http://is.stuba.sk/zp/portal_zp.pl?podrobnosti=145833  |u https://opac.crzp.sk/?fn=detailBiblioForm&sid=6327E39BEACEDA03090D09820365